000 00210 a2200097 4500
001 55312
100 _a
245 _aHot book of chillies
260 _aLondon
_bNew Haven
_c2006
090 _c34290
_d34290
942 _aNUST-CAE
_cMONOGRAPH
_c26992
999 _c290385
_d290385